000 00724nam a22002057a 4500
003 NUST - PNEC
005 20170116181205.0
008 160308b xxu||||| |||| 00| 0 eng d
020 _a0471224715
040 _cLIBRARY
082 _a620.11 CAL
100 _916709
_a Callister, William D.
245 _aMaterials science and engineering : an introduction
_cWilliam D. Callister
250 _aSixth Edition
260 _aNew York
_bJohn Wiley & Sons, Inc.
_cc.2003
300 _a820 p. :
650 _916710
_aMaterials
_xME
856 _uhttp://www.amazon.com/Materials-Science-Engineering-Introduction-Callister/dp/0471224715/ref=sr_1_1?s=books&ie=UTF8&qid=1457410858&sr=1-1&keywords=0471224715
942 _2ddc
_cBK
999 _c71610
_d71610